000 02861cam a2200289 4500500
005 20251228070637.0
041 _afre
042 _adc
100 1 0 _aLopez, Jean-Claude
_eauthor
700 1 0 _aJubenot, Marie-Noëlle
_eauthor
700 1 0 _aFeige, Jimmy
_eauthor
245 0 0 _aCapital humain spécifique de dirigeants de PME et mesure de l’activité entrepreneuriale : vers un permis d’entreprendre
260 _c2018.
500 _a55
520 _aDans cet article, il est proposé, grâce à une approche théorique et pluridisciplinaire, de mieux rendre compte des compétences entrepreneuriales d’un dirigeant de PME et de jeter les bases d’un modèle d’évaluation de la capacité à entreprendre à partir de l’analyse des cycles d’exploitation. Une estimation pertinente de la capacité à entreprendre pourrait rendre possible une meilleure évaluation de la valeur ajoutée des dirigeants de PME et une esquisse plus précise de la stratégie de soutien aux actions entrepreneuriales. Au niveau macro-économique, la mesure de la performance des dirigeants d’entreprises pourrait être un indicateur pertinent de la croissance économique et de l’évolution de l’emploi. Cette mesure pourrait alors permettre la construction de politiques économiques spécifiques au service de la performance et l’élaboration d’un « permis d’entreprendre », qui nous semble nécessaire à l’intensification de l’activité entrepreneuriale.
520 _aUsing a theoretical and multidisciplinary approach, this article allows to give a better representation of the entrepreneurial skills of an SME executive. We propose to lay the foundation for a model to assess the entrepreneurial capacity using the operating cycle’s analysis. A relevant model should make possible a better assess the added value of SME managers. A more precise strategic outline could be identified to support entrepreneurial actions at different levels. At macroeconomic level, for example, the evaluation of the entrepreneurial performance could be an appropriate indicator of economic growth, employment trends and should allow to define specific economic performance policies and to create a kind of “entrepreneurship permit”, which seems necessary to intensify entrepreneurial activity.
690 _acapital humain spécifique
690 _adirigeants de PME
690 _amesure de l’activité entrepreneuriale
690 _apermis d’entreprendre
690 _aentrepreneurial performance measure
690 _aentrepreneurship permit
690 _aSME leader
690 _aspecific human capital
786 0 _nVie & sciences de l'entreprise | 205 | 1 | 2018-12-19 | p. 86-100 | 2262-5321
856 4 1 _uhttps://shs.cairn.info/revue-vie-et-sciences-de-l-entreprise-2018-1-page-86?lang=fr&redirect-ssocas=7080
999 _c1593226
_d1593226